[Event "Magnus Carlsen Invitational 2021"]
[Site "Online"]
[Date "2021.03.10"]
[Round "4.7"]
[White "Radjabov, Teimour"]
[Black "Aronian, Levon"]
[Result "1/2-1/2"]
[WhiteElo "2758"]
[BlackElo "2778"]
[Annotator "TA"]
[PlyCount "183"]
[EventDate "2021.03.13"]
[EventType "tourn"]
[EventCountry "NET"]
[SourceTitle "playchess.com"]
[Source "ChessBase"]
[SourceQuality "1"]

{[%evp 15,183,24,23,0,0,7,12,0,18,0,0,0,0,6,22,19,12,0,9,11,7,7,0,-16,-4,-34,-15,-22,-15,-57,-62,-56,-41,-53,-33,-43,-18,-33,-17,-17,-17,-17,-18,-18,0,0,0,-17,-18,-48,0,0,0,-35,-27,-33,0,0,0,-6,0,0,0,0,0,0,0,0,0,0,0,-12,-12,-12,-12,-12,-12,-12,-12,-12,-12,-12,-12,-12,-8,-8,-8,-8,0,0,0,0,0,-12,-12,-12,-8,-62,-62,-62,-62,-62,-62,-62,-62,-62,-62,-62,-62,-62,0,-62,-62,-62,-62,-62,0,0,0,-62,-8,-62,-8,-12,-8,-62,-62,-62,-62,-62,-62,-62,-62,-62,-12,-62,-62,-62,-62,-62,-62,-62,-62,-62,-62,-62,-12,-12,-12,-12,-12,-12,-12,-12,-12,-12,-12,-12,-12,-12,0,-5,0,-12,-12,-12,-12,-12,0,-12]} 1. d4 Nf6 2. c4 e6 3. Nf3 d5 4. Nc3 Bb4 5. Bg5 h6 6. Bxf6 Qxf6 7. e3 O-O 8. Rc1 Nc6 9. Qb3 {D38: Queen's Gambit Declined: Ragozin Defence (4 Nf3 Bb4).} a5 10. a3 a4 11. Qc2 Ba5 {[#]} 12. cxd5 $146 ({Predecessor:} 12. Nd2 Rd8 13. Be2 Bxc3 14. bxc3 dxc4 15. Bxc4 e5 16. O-O Qd6 17. Qa2 Qg6 18. f4 exd4 19. cxd4 {1-0 (34) Scholz,C (2388)-Spitzl,V (2254) Bamberg 2018}) 12... exd5 13. Be2 Bf5 14. Qd1 Ne7 15. O-O Bxc3 16. Rxc3 Qb6 17. b4 axb3 $1 18. Rxb3 Qa7 19. Qd2 b6 20. Rc1 c5 21. dxc5 bxc5 22. Rbc3 c4 23. Nd4 Bg6 24. h3 Rfb8 25. Bf3 {Threatening Bxd5!} Qa5 26. Ne2 Rb3 27. Nf4 Rd8 28. Nxg6 Nxg6 29. Rd3 Qxd2 30. Rxd2 Ne5 31. Rcd1 c3 32. Rc2 Rxa3 33. Bxd5 Kf8 34. e4 {[#]} Nc6 $1 35. Rcc1 Rc8 (35... Nb4 {feels hotter.} 36. Rd4 Rb8 37. Rc4 c2 38. Rc7 Rd3) 36. Bxc6 Rxc6 $11 {[%mdl 4096] Endgame KRR-KRR} 37. Rd3 g5 38. Rc2 Ke7 39. g4 Ke6 40. f3 Rb3 {[#] Strongly threatening ...Rb1+.} 41. Kf1 $1 Rc5 (41... Kf6 {with more complications.} 42. Ke2 Rb2 43. Kd1 Rb1+ 44. Ke2 Rb2) 42. Ke2 Rb2 43. Rxb2 cxb2 {KR-KR} 44. Rb3 Rc2+ 45. Kd3 Rh2 (45... Rf2 {is interesting.} 46. Rb6+ Ke5 47. Ke3 Rh2 48. Rb3 Kd6) 46. Kd4 $1 Kd6 47. Rb6+ Kc7 48. Rb3 Kc6 (48... Rf2 {looks sharper.} 49. Ke3 Rg2 50. Kd3 Kd6 51. Kd4 Ke7) 49. Rb8 Rxh3 (49... Kd7 {feels hotter.} 50. Rb7+ Ke8 51. Ke3 Kf8 52. Rb8+ Ke7) 50. Rxb2 Rxf3 51. Rh2 Rf6 52. Ke5 Re6+ 53. Kf5 Kd6 54. Rd2+ Ke7 55. e5 $1 Ra6 56. Rh2 (56. Rb2 $11) 56... Kf8 $1 $15 57. Rh1 Kg7 58. Rf1 Rb6 59. Rf2 Rb1 60. Rf3 Rb4 61. Rf1 Rb5 {...f6 is the strong threat.} 62. Ra1 Rb4 {[%csl Gg5][%cal Rb4f4]} (62... Rb7 {keeps more tension.} 63. Rf1 Rb4 64. Rf2 Rb6 65. Ke4 Kg6) 63. Rf1 Kf8 64. Rf2 Ke7 65. Rf1 Rb5 (65... Ke8 $15) 66. Ra1 $11 Rb2 {Hoping for ...Rf2+.} 67. Rf1 (67. Ra7+ $11 Kf8 68. e6) 67... Ra2 (67... Rb4 $15) 68. Rf3 (68. Rh1 $1 $11) 68... Ra1 (68... Ra4 $15) 69. Rf2 Re1 70. Rf3 ({White should play} 70. Rh2 $1 $11) 70... Kf8 $15 71. Rf2 Kg7 72. Rf3 Ra1 73. Rf2 Ra5 74. Rb2 Rc5 (74... Ra7 {seems wilder.} 75. Rh2 Rb7 76. Ra2 Rb1 77. Rf2 Rg1) 75. Ra2 Rc4 {[%csl Gg5][%cal Rc4f4]} 76. Rf2 Kf8 77. Rf3 Ke7 78. Rf2 Rd4 79. Rf1 Ra4 80. Rf2 f6 81. exf6+ {The position is equal.} Kf7 82. Rb2 Rf4+ 83. Ke5 {Threatens to win with Rb7+.} Rxf6 84. Rb4 Kg6 85. Ra4 Rf7 86. Ra6+ Kg7 87. Ra8 Kh7 88. Rb8 Kg7 (88... Rf4 $5 89. Rb7+ $8 Kg8 $11) 89. Ra8 Re7+ 90. Kf5 Rb7 91. Ke4 Rf7 {And now ...Rf4+ would win.} 92. Ke5 {Weighted Error Value: White=0.06/Black=0.05} 1/2-1/2

[Event "Magnus Carlsen Invitational 2021"]
[Site "Online"]
[Date "2021.03.10"]
[Round "5.1"]
[White "So, Wesley"]
[Black "Giri, Anish"]
[Result "0-1"]
[WhiteElo "2741"]
[BlackElo "2731"]
[Annotator "TA"]
[PlyCount "58"]
[EventDate "2021.03.13"]
[EventType "tourn"]
[EventCountry "NET"]
[SourceTitle "playchess.com"]
[Source "ChessBase"]
[SourceQuality "1"]

{[%evp 12,58,12,16,20,24,21,14,18,16,12,0,18,9,19,11,9,12,19,12,21,20,15,-8,0,-9,12,0,11,9,19,0,0,0,0,-15,0,0,0,0,0,0,0,0,0,-354,-357,-672,-661]} 1. e4 e5 2. Nf3 Nc6 3. Bc4 Bc5 4. c3 Nf6 5. d3 d6 6. O-O O-O 7. Re1 a6 {C54: Giuoco Piano: 4 c3 Nf6, main lines with 5 d4 and 5 d3.} 8. h3 Ba7 9. a4 h6 {The position is equal.} 10. Nbd2 Re8 11. Qc2 Be6 12. Bxe6 Rxe6 13. b4 {[%cal Bb2b4,Bb4b5][%mdl 32]} Qd7 14. Rb1 Rd8 15. b5 Ne7 16. d4 {bxa6 is the strong threat.} Ng6 {[#]} 17. Nf1 $146 ({Predecessor:} 17. d5 Ree8 18. c4 Rf8 19. Nf1 Bc5 20. Be3 Bxe3 21. Nxe3 b6 22. a5 axb5 23. Rxb5 bxa5 24. Rxa5 {½-½ (88) Svidler,P (2723)-Radjabov,T (2765) chess24.com INT 2020}) 17... axb5 18. Rxb5 c6 19. Rb3 d5 20. exd5 cxd5 21. dxe5 Ne4 22. Be3 Qxa4 23. Qb2 {[#] Strongly threatening Ra1.} Bxe3 24. Nxe3 Nc5 25. Rb4 Qe8 {White must now prevent ...Nd3.} 26. Rd1 Nxe5 27. Nxe5 Rxe5 28. c4 $2 {[%mdl 8192] [#]} (28. Rbd4 $11 {and White is okay.}) 28... d4 $1 $19 {[%cal Rd4e3]} 29. Rxd4 (29. Nf1 Na4 30. Qd2) 29... Rxe3 {Weighted Error Value: White=0.49/Black=0.04} 0-1

[Event "Magnus Carlsen Invitational 2021"]
[Site "Online"]
[Date "2021.03.10"]
[Round "5.2"]
[White "Aronian, Levon"]
[Black "Pichot, Alan"]
[Result "1-0"]
[WhiteElo "2778"]
[BlackElo "2548"]
[Annotator "TA"]
[PlyCount "125"]
[EventDate "2021.03.13"]
[EventType "tourn"]
[EventCountry "NET"]
[SourceTitle "playchess.com"]
[Source "ChessBase"]
[SourceQuality "1"]

{[%evp 10,125,24,23,18,23,21,16,16,16,34,11,39,35,46,47,79,18,25,21,32,-14,0,-36,3,0,0,0,0,0,0,0,26,29,72,82,82,82,71,87,77,86,84,78,78,75,113,31,164,147,149,155,165,145,150,47,147,64,66,33,112,112,218,212,300,307,304,303,29985,296,288,296,272,241,227,218,304,312,312,315,315,286,309,297,309,280,268,246,330,313,364,364,384,368,427,399,503,485,394,220,537,501,447,432,508,8,1125,375,5373,11112,6413,6246,5193,5289,29987,29988,29991,29992]} 1. c4 Nf6 2. Nc3 e6 3. e4 d5 4. cxd5 exd5 5. e5 Ne4 6. Nf3 Bf5 {A18: English Opening: Flohr-Mikenas System (1 c4 Nf6 2 Nc3 e6 3 e4).} 7. Be2 Be7 8. O-O O-O {The position is equal.} 9. d4 c5 10. Be3 {[#]} Nc6 $146 ({Predecessor:} 10... c4 11. Nd2 Nxc3 12. bxc3 Nc6 13. Bg4 Bd3 14. Be2 Bg6 15. f4 f5 16. Rb1 Rb8 {0-1 (42) Harika,D (2515)-Abrahamyan,T (2358) chess.com INT 2020}) 11. dxc5 Nxc3 12. bxc3 Be4 13. Qb3 (13. Nd4 $16) 13... Qc7 $11 14. Rfd1 Rab8 15. Nd4 Qxe5 16. Qa4 (16. Qb5 {is interesting.} Qf6 17. f3 Bg6 18. Bf2 a6 19. Qb6) 16... Qf6 (16... Rbc8 {seems wilder.} 17. Bb5 Nd8 18. Nb3 Ne6 19. Qxa7 Bg5) 17. f3 Bg6 18. Nxc6 bxc6 19. Bd4 Qe6 20. Bf1 Qd7 21. c4 Rfd8 22. cxd5 Qxd5 23. Bf2 Qe6 24. Re1 Qf6 25. Rad1 $36 {[%mdl 2048] Black is under strong pressure.} Bf8 26. Rxd8 Rxd8 27. Qxa7 Rd2 28. Re8 (28. Qa5 $16 Rxf2 29. Kxf2) 28... Rd8 ({Better is} 28... Rxf2 $1 $14 29. Kxf2 Qd4+ 30. Kg3 f6) 29. Rxd8 $18 Qxd8 30. Qa4 $1 {[%cal Ra4c6]} Qd5 31. Qb3 {And now Qxd5 would win.} Qd2 32. a3 (32. a4 $16) 32... h5 (32... Bc2 $1 $14 33. Qc4 Qd1) 33. Qe3 ({White should play} 33. a4 $1 $16) 33... Qd1 $14 34. h4 Kh7 {Black is now going downhill.} (34... Qa1 $14) 35. Qd4 $16 Qb1 (35... Bc2 $16) 36. Qd8 $1 $18 Qc1 (36... Qa1 $142 37. a4 (37. Qxf8 Bd3 $18) 37... Bf5 38. Qxf8 Bd3) 37. Qxf8 Bd3 {[#]} 38. Bd4 $1 {[%csl Gd4][%cal Rf8g7]} Qxf1+ 39. Kh2 {[%csl Gd4][%cal Rf8g7]} f6 40. Bxf6 $1 gxf6 41. Qf7+ {[%mdl 64] Double Attack} (41. Qxf6 Qe2 $11) 41... Kh6 42. Qxf6+ {[%mdl 64] Double Attack} Bg6 43. Qh8+ (43. Qxc6 Qf2 $11) 43... Bh7 {[#]} 44. Qf8+ $1 Kg6 45. Qe8+ Kg7 46. Qe5+ ({Not} 46. Qxc6 Qc4 $16) ({Don't play} 46. Qxh5 $6 Qe2 $18) 46... Kf7 47. Qxh5+ Bg6 48. Qe5 Qf2 49. Kh3 Qc2 50. h5 Bf5+ 51. Kg3 Be6 52. Qf4+ Ke7 53. Qg5+ Kf7 54. h6 (54. a4 $142) 54... Qc3 $2 (54... Bf5 {is more resistant.} 55. Qf4 Qxc5) 55. h7 {Threatens to win with Qh5+.} Qh8 {[#]} 56. Qh5+ Ke7 {intending ...Qg7+.} 57. a4 $2 (57. f4 $18) 57... Kd7 $2 {[%mdl 8192]} (57... Qg7+ $11 58. Kh2 Qf6) 58. Qh6 $2 (58. a5) 58... Bd5 $2 (58... Bf5 59. Qd6+ Kc8 60. Qxc6+ Kb8 61. Qb6+ Kc8 62. Qc6+ Kb8 63. Qd6+ Kc8) 59. Qd6+ (59. a5 $142 Kc7 60. a6) 59... Kc8 60. Qe7 Kb8 61. Kf4 {Qe5+ would kill now.} Qd4+ 62. Kf5 Qh8 63. Qe5+ {Weighted Error Value: White=0.34/Black=0.51} 1-0

[Event "Magnus Carlsen Invitational 2021"]
[Site "Online"]
[Date "2021.03.10"]
[Round "5.3"]
[White "Dubov, Daniil"]
[Black "Radjabov, Teimour"]
[Result "0-1"]
[WhiteElo "2770"]
[BlackElo "2758"]
[Annotator "TA"]
[PlyCount "140"]
[EventDate "2021.03.13"]
[EventType "tourn"]
[EventCountry "NET"]
[SourceTitle "playchess.com"]
[Source "ChessBase"]
[SourceQuality "1"]

{[%evp 19,140,7,0,16,7,9,9,0,0,-107,-98,-141,-137,-136,-134,-139,-141,-135,-137,-204,-193,-193,-210,-205,-190,-272,-280,-287,-287,-306,-120,-277,-266,-314,-294,-340,-309,-416,-433,-476,-466,-471,-473,-466,-464,-469,-438,-425,-414,-591,-514,-502,-495,-506,-498,-444,-450,-429,-130,-356,0,-412,-434,-514,-509,-554,-527,-554,-546,-579,-347,-322,0,-575,-557,-5949,-5406,-29962,-29965,-29969,-29970,-29970,-29970,-29970,-29968,-29968,-29969,-29968,-29971,-29972,-29966,-29965,-29971,-29968,-29968,-29967,-29970,-29970,-29969,-29973,-29974,-29974,-29971,-29971,-29972,-29972,-29973,-29973,-29974,-29973,-29973,-29986,-29987,-29987,-29988,-29988,-29989,-29990,-29991,-29991,-29992,-29992,-29993]} 1. d4 Nf6 2. c4 e6 3. Nf3 d5 4. g3 Be7 5. Bg2 O-O 6. O-O dxc4 7. Qc2 a6 8. Qxc4 b5 9. Qc2 Bb7 10. Bg5 Nbd7 11. Bxf6 {E05: Open Catalan: 5 Nf3 Be7.} Nxf6 12. Nbd2 Rc8 13. Nb3 {The position is equal.} c5 {[#]} 14. Nxc5 $146 (14. dxc5 $11 a5 15. a4) ({Predecessor:} 14. dxc5 Be4 15. Qc3 Nd7 16. Rfd1 Qc7 17. Qe3 Bxf3 18. Bxf3 Ne5 19. Qc3 Bxc5 20. Rac1 Bb6 21. Qxc7 Rxc7 22. Rxc7 Bxc7 23. Bb7 a5 24. Ba6 b4 25. Nc5 {½-½ (25) Meier,G (2626)-Vitiugov,N (2747) Moscow 2019}) 14... Bxf3 $17 15. Bxf3 Qxd4 16. Nb3 {[#]} Qxf2+ {[%mdl 512]} 17. Kxf2 (17. Rxf2 Rxc2) 17... Rxc2 18. Rab1 e5 {Strongly threatening ...e4.} 19. Rfc1 {[#]} (19. h3 $17) 19... Rxc1 $1 $19 20. Rxc1 e4 21. Bg2 Ng4+ 22. Kg1 (22. Ke1 $142) 22... Bg5 23. Rc6 Be3+ 24. Kf1 Nxh2+ 25. Ke1 f5 26. Bh3 Ng4 27. Kf1 Rd8 {( -> ...Rd1+)} 28. Bxg4 fxg4 {[%mdl 4096] Endgame KRB-KRN} 29. Re6 Rf8+ 30. Kg2 Rf2+ 31. Kh1 Rxe2 32. Rxe4 Re1+ 33. Kg2 h5 34. Na5 (34. Re5 {was worth a try.}) 34... Re2+ 35. Kh1 Kf7 36. Nb7 Kf6 37. Nd6 Re1+ 38. Kg2 Rg1+ 39. Kh2 Re1 40. Kg2 $1 Bd2 41. a4 Rb1 42. axb5 axb5 43. Re2 Bc1 44. Ne4+ Kf5 45. Nd6+ Kf6 $2 (45... Kg5 46. Re1 Rxb2+ 47. Kf1 Bd2 48. Re5+ Kg6 49. Re6+ Kh7) 46. Ne4+ $1 Kg6 47. Nc3 Rxb2 48. Rxb2 Bxb2 {Black mates.} 49. Nxb5 {KB-KN} Be5 50. Na3 Kf5 51. Nc4 Bc7 52. Ne3+ Ke4 53. Nf1 Kd3 54. Nh2 Ke3 55. Nf1+ Ke2 56. Nh2 g5 57. Nf1 Kd3 58. Nh2 Ke4 59. Kf2 Kf5 60. Nf1 Be5 61. Kg2 Bb8 62. Kh1 Ke4 63. Kg2 h4 64. Nd2+ Kd3 65. gxh4 gxh4 66. Nf3 h3+ 67. Kf2 Bf4 68. Nh4 Ke4 69. Kf1 Bg5 70. Ng6 g3 {Black took control after the opening.  Weighted Error Value: White=0.30/Black=0.27} 0-1

[Event "Magnus Carlsen Invitational 2021"]
[Site "Online"]
[Date "2021.03.10"]
[Round "5.4"]
[White "Nakamura, Hikaru"]
[Black "Karjakin, Sergey"]
[Result "1/2-1/2"]
[WhiteElo "2829"]
[BlackElo "2709"]
[Annotator "TA"]
[PlyCount "47"]
[EventDate "2021.03.13"]
[EventType "tourn"]
[EventCountry "NET"]
[SourceTitle "playchess.com"]
[Source "ChessBase"]
[SourceQuality "1"]

{[%evp 27,28,0,12]} 1. e4 e5 2. Nf3 Nc6 3. Bb5 Nf6 4. O-O Nxe4 5. d4 Nd6 6. dxe5 Nxb5 7. a4 Nbd4 8. Nxd4 d5 9. exd6 Nxd4 10. Qxd4 Qxd6 11. Qe4+ Qe6 12. Qd4 Qd6 13. Qe4+ Qe6 14. Qd4 Qd6 {[#]} {Predecessor:} 15. Qe3+ $146 {C67: Ruy Lopez: Berlin Defence: 4 0-0 Nxe4.} Be6 16. Nc3 Qc6 17. Nb5 Bc5 18. Qc3 O-O 19. Bf4 Rfc8 20. Nd4 Bxd4 21. Qxd4 Rd8 22. Qb4 a5 23. Qb5 Qxb5 24. axb5 {½-½ (32) Wei,Y (2732)-Grischuk,A (2777) Chess.com INT 2020} 1/2-1/2

[Event "Magnus Carlsen Invitational 2021"]
[Site "Online"]
[Date "2021.03.10"]
[Round "5.5"]
[White "Van Foreest, Jorden"]
[Black "Nepomniachtchi, Ian"]
[Result "1-0"]
[WhiteElo "2543"]
[BlackElo "2778"]
[Annotator "TA"]
[PlyCount "113"]
[EventDate "2021.03.13"]
[EventType "tourn"]
[EventCountry "NET"]
[SourceTitle "playchess.com"]
[Source "ChessBase"]
[SourceQuality "1"]

{[%evp 9,113,40,46,38,46,16,22,29,31,24,25,25,25,0,6,0,0,-24,7,33,10,-3,22,0,0,0,55,0,8,0,0,0,10,32,142,148,136,0,91,95,90,91,134,143,143,134,135,143,133,133,145,147,133,143,146,133,133,133,149,134,143,145,249,252,270,264,245,256,258,0,30,0,270,270,270,270,270,270,270,270,263,258,249,251,343,342,340,341,363,375,1170,1018,1554,1596,1293,1358,1081,776,777,760,718,635,6115,6045,2191,1514]} 1. e4 g6 2. d4 Bg7 3. Nf3 d6 4. Be3 a6 5. c4 Nc6 6. h3 {B06: Modern Defence.} e5 7. d5 Nce7 8. Nc3 {The position is equal.} f5 {[#]} 9. g4 $146 ({Predecessor:} 9. exf5 Nxf5 10. Bg5 Bf6 11. Ne4 Bxg5 12. Nexg5 Nf6 13. g4 Ng7 14. Qc2 Qe7 15. Bg2 {0-1 (38) Frischmann,R (2450)-Rocha,S (2249) Tallinn 2019}) 9... Nf6 10. gxf5 gxf5 11. Rg1 O-O 12. Bd3 Kh8 13. Qc2 {[%cal Re4f5]} f4 14. Bd2 c6 (14... Bxh3 15. O-O-O $15) 15. O-O-O b5 16. c5 (16. cxb5 cxd5 17. exd5 axb5 $15) 16... b4 17. Na4 cxd5 (17... Rb8 $1 $11) 18. exd5 (18. Bxb4 $14 dxe4 19. Bxe4 (19. cxd6 $2 Ned5 $19)) 18... Nexd5 19. Ng5 Bd7 20. Bc4 $1 {[%cal Rc4d5]} Rc8 21. Bxd5 Bxa4 (21... Qa5 $1 $14 22. Nxh7 Bxa4) 22. Qxa4 $16 Nxd5 23. Kb1 (23. Ne6 $16 Rxc5+ 24. Nxc5 dxc5 25. Qc6) 23... Qf6 (23... Rxc5 $6 24. Ne6 $16) (23... dxc5 $6 24. Qc2 $16) (23... Qe7 $1 $11) 24. Qc2 {[%csl Gg5][%cal Rc2h7]} Qh6 25. c6 Ne7 26. Bxb4 ({But not} 26. c7 $6 a5 $14) 26... Rxc6 {[#]} 27. Rxd6 $1 {[%mdl 512]} Rxc2 28. Rxh6 Bxh6 29. Kxc2 Rc8+ 30. Kd3 {[%cal Rg5f7]} Rd8+ 31. Ke2 {[%cal Rg5f7]} Bxg5 32. Rxg5 {[%mdl 4096] Endgame KRB-KRN} Ng6 33. Bc3 Kg8 34. h4 {h5 is the strong threat.} (34. Bxe5 $2 Re8 $19) 34... Kf7 35. Rh5 $1 (35. Bxe5 $2 Re8 $19) 35... Ke6 (35... Kg8 $16 {was called for.} 36. Kf3 Rd3+ 37. Ke4 Rh3) 36. Rxh7 $18 e4 {[#]} 37. Rh6 $1 {[%cal Rh6g6]} Kf5 {[#] Strongly threatening ...f3+.} 38. Rh5+ $1 Ke6 {Now ...Rd3 and Black clings on.} 39. Rh6 $2 ({White should try} 39. Rg5 $18 Nxh4 40. Re5+ Kf7 41. Rxe4) 39... Kf5 $11 {And now ...f3+ would win.} 40. Rh5+ $2 (40. f3 $11 exf3+ 41. Kf2 (41. Kxf3 Rd3+ 42. Kg2 a5 $14)) 40... Ke6 $18 {Black hopes to continue with ...Rd3. Black is on the road to losing.} 41. Rg5 Nxh4 42. Re5+ Kf7 {intending ...Re8.} 43. Rxe4 Ng6 44. Kf3 Rd6 45. Rc4 Ke6 46. Ke4 Rb6 47. Bd4 Rd6 48. Rc7 Nh4 49. b4 Nf5 $2 (49... Nf3 50. Bc5 (50. Kxf3 Rxd4 51. Rc6+ Ke7 $16) 50... Nd2+ 51. Kxf4 Rd7) 50. Bc5 {White is clearly winning.} Rd2 51. Rc6+ {[%mdl 64] Double Attack} Kd7 52. Rxa6 Nh4 53. Kxf4 Ng2+ 54. Ke4 Ne1 55. b5 Rb2 56. Ra7+ Kc8 57. a4 {Weighted Error Value: White=0.22/Black=0.17} 1-0

[Event "Magnus Carlsen Invitational 2021"]
[Site "Online"]
[Date "2021.03.10"]
[Round "5.6"]
[White "Vachier-Lagrave, Maxime"]
[Black "Mamedyarov, Shakhriyar"]
[Result "1-0"]
[WhiteElo "2860"]
[BlackElo "2761"]
[Annotator "TA"]
[PlyCount "67"]
[EventDate "2021.03.13"]
[EventType "tourn"]
[EventCountry "NET"]
[SourceTitle "playchess.com"]
[Source "ChessBase"]
[SourceQuality "1"]

{[%evp 15,67,69,85,75,147,82,74,80,133,138,117,125,128,109,147,126,126,132,133,147,130,114,119,127,141,102,108,102,108,0,156,163,152,147,159,120,170,174,222,231,243,234,288,281,268,227,302,282,303,304,512,446,643,616]} 1. e4 {Blatny,P} e5 2. Nf3 d6 3. d4 exd4 4. Nxd4 Nf6 5. Nc3 g6 6. Be3 Bg7 7. Qd2 O-O 8. O-O-O Re8 {The main line 8...Re8 scores better than 8...Nc6.} 9. f3 {C41: Philidor Defence.} d5 (9... Nc6 $142) 10. Nb3 (10. exd5 $142 Nxd5 11. Bg5) 10... c6 $16 11. Bh6 {[#] White is better.} a5 $146 (11... Bh8 $142) ({Predecessor:} 11... Bh8 12. exd5 cxd5 13. Nxd5 Nc6 14. Nc3 Qb6 15. Bc4 Ne5 16. Bb5 Bd7 17. Bxd7 Nfxd7 18. Rhe1 Nf8 19. Nd5 Qa6 20. Kb1 Rac8 21. Qb4 Qc6 22. Qxf8+ Rxf8 23. Ne7# {1-0 (23) Van Mil,J (2435)-Reinderman,D (2435) Wijk aan Zee 1993 CBM 040 [Blatny,P]}) 12. Bxg7 (12. exd5 $6 a4 $11) 12... Kxg7 13. a4 Be6 14. g4 Qb6 15. g5 (15. exd5 $6 Nxd5 16. Nd4 (16. Nxd5 Bxd5 17. Bc4 Bxc4 $11) 16... Qb4 $14) 15... Nh5 16. exd5 cxd5 17. Nxd5 Bxd5 18. Qc3+ Kg8 {[#] Strongly threatening ...Nc6.} 19. Rxd5 Nc6 {And now ...Nb4 would win.} 20. Rb5 Qf2 {( -> ...Re1+)} 21. Bc4 Rac8 22. Qd2 (22. Nxa5 $2 Nxa5 23. Rxa5 {[#]} Rxc4 $1 $19 {[%mdl 512]}) (22. Rxb7 $2 Ne5 $19) (22. Kb1 $16) 22... Qxd2+ $2 (22... Qh4 $11 23. Bd5 Rcd8) 23. Nxd2 Re7 24. c3 Nf4 25. Kc2 Kg7 26. Rg1 Rd8 {With the idea ...Ne5.} 27. Rg4 Nh3 28. Re4 Red7 29. Nb3 Ng1 30. Re3 ({Much less strong is} 30. Nxa5 $6 Nxa5 31. Rxa5 Nxf3 $18) 30... Ne7 31. Nd4 ({Less strong is} 31. Nxa5 Rd2+ 32. Kb3 Nf5 $16) ({But not} 31. Rxa5 $6 Nf5 $18) 31... Rc7 32. Kb3 b6 $2 (32... Nh3 {is a better defense.} 33. Rxa5 Rxd4) 33. Rxb6 Rxc4 (33... Rxd4 $142 34. cxd4 Nf5) 34. Rxe7 {Weighted Error Value: White=0.19/Black=0.44} 1-0

[Event "Magnus Carlsen Invitational 2021"]
[Site "Online"]
[Date "2021.03.10"]
[Round "5.7"]
[White "Firouzja, Alireza"]
[Black "Grandelius, Nils"]
[Result "1-0"]
[WhiteElo "2703"]
[BlackElo "2632"]
[Annotator "TA"]
[PlyCount "117"]
[EventDate "2021.03.13"]
[EventType "tourn"]
[EventCountry "NET"]
[SourceTitle "playchess.com"]
[Source "ChessBase"]
[SourceQuality "1"]

{[%evp 12,117,2,3,9,-18,0,-14,6,0,0,-29,-16,-9,-15,-14,11,-29,-27,-28,-28,-29,-31,-51,-26,-75,-42,-47,-36,-36,-35,-46,-14,-50,-49,-58,-41,-57,-25,-25,-23,-15,-1,-38,-33,-30,-29,-26,-32,-34,-34,-43,-20,-17,0,-23,0,-29,-16,-48,-41,-44,-11,-43,-8,-6,8,8,8,8,39,40,43,45,45,41,29964,29965,29967,29962,29961,29962,29964,29968,29969,29970,29970,29969,1200,0,29969,29971,29981,29982,29982,29983,29982,29983,29983,29984,29984,29985,29985,29986,29988,29989,29989,29990]} 1. d4 Nf6 2. Nf3 g6 3. b3 Bg7 4. Bb2 O-O 5. e3 b6 6. Be2 Bb7 7. O-O c5 {A48: 1 d4 Nf6 2 Nf3 g6: Torre, London and Colle Systems.} 8. a4 $5 {[%mdl 4] [#] A promising side line.} cxd4 $146 ({Predecessor:} 8... Nc6 9. Na3 d6 10. Nc4 Rc8 11. c3 cxd4 12. exd4 d5 13. Ncd2 Ne4 14. Nxe4 dxe4 15. Nd2 e5 16. Nxe4 Nxd4 17. Bd3 Nxb3 {0-1 (17) Olivares Canelles,F (2358)-Fuentes Dominguez,F (2239) San Nicolas de Bari 2009}) 9. exd4 a6 {The position is equal.} 10. c4 d5 11. a5 dxc4 12. bxc4 b5 13. Nbd2 Ne4 14. Nb3 bxc4 15. Bxc4 Nd6 16. Bd3 Bd5 17. Ne5 Nc6 18. Bc3 Nxe5 19. dxe5 Ne4 20. Bxe4 Bxe4 21. Nc5 Bc6 22. Qxd8 Rfxd8 23. Rfd1 {White wants to play Rxd8+.} Bb5 24. f4 Rxd1+ 25. Rxd1 Rc8 26. Bb4 Bf8 27. e6 Bg7 28. Kf2 fxe6 29. Nxe6 Bf6 30. Nc5 Kf7 31. Ke3 h5 32. g3 Ke8 33. Rc1 Kf7 34. Rc2 Rc6 35. h3 Rc8 36. Rd2 Ke8 37. g4 hxg4 (37... Bf1 {feels hotter.} 38. Ne4 Bg7 39. Ng5 Rb8 40. Bc5 Rb3+) 38. hxg4 Rd8 (38... Bg7 {is more complex.} 39. Ne6 Ba1 40. g5 Bc4 41. Nd4 Bf7) 39. Rxd8+ Kxd8 $11 {[%mdl 4096] Endgame KBB-KBN} 40. Ne6+ Ke8 41. Nc7+ Kd7 42. Nxb5 axb5 $14 {KB-KB} 43. g5 Bg7 {[%mdl 8192] [#] White now steadily converts the win.} (43... Bb2 $14) 44. Bxe7 $1 {[%mdl 512]} Kc6 (44... Bb2 45. Ke4) 45. Bb4 Kd5 46. a6 Kc6 {[#]} 47. Bc5 $1 {[%mdl 512]} Bb2 {[#]} 48. Ke4 $1 Bc1 (48... Bc3 49. Bd4) 49. Be3 Bb2 50. Bc5 Bc1 $1 {[#]} ({But not} 50... Kxc5 $2 51. a7 $18) 51. Ke5 $1 {White mates.} Bd2 {[#]} (51... Bb2+ 52. Bd4) 52. f5 $1 gxf5 {[#]} 53. g6 $1 Bh6 54. Kxf5 Bg7 {[#]} 55. Ke6 $1 Bc3 {[#]} (55... Kc7 56. Kf7) 56. Kf7 $1 Kc7 57. Be7 Kb6 58. Bf6 b4 59. g7 {Weighted Error Value: White=0.17/Black=0.21} 1-0